[Event "Santa Cruz op"]
[Site "Santa Cruz"]
[Date "2024.10.05"]
[Round "6"]
[White "Bordoli Aqueveque, Jorge Cristian"]
[Black "Reyes Segovia, Cristhopher"]
[Result "0-1"]
[WhiteElo "2005"]
[BlackElo "1906"]
[PlyCount "90"]
[EventDate "2024.10.03"]
[EventType "swiss"]
[EventRounds "7"]
[EventCountry "ARG"]
[SourceTitle "CB47_2024"]
[SourceDate "2024.11.20"]
[SourceVersion "1"]
[SourceVersionDate "2024.11.20"]
[SourceQuality "1"]

1. e4 e6 2. d3 d5 3. Nd2 c5 4. g3 Nc6 5. Bg2 g6 6. Ngf3 Bg7 7. 0-0 Nge7 8. Re1 b6 9. h4 h6 10. c3 a5 11. e5 Qc7 12. Qe2 g5 13. h5 Ba6 14. g4 a4 15. a3 b5 16. Qe3 Na5 17. Rb1 Bb7 18. d4 cxd4 19. Nxd4 Ba6 20. Bf1 Nc4 21. Nxc4 dxc4 22. Bg2 Rd8 23. Qe2 Nd5 24. Bxd5 Rxd5 25. f4 gxf4 26. Bxf4 Bb7 27. Qe3 Bf8 28. Rbd1 Rg8 29. Qe2 Ba8 30. Kh2 Qb7 31. Kg3 Bg7 32. Nf3 Qd7 33. Rxd5 Bxd5 34. Nd4 Qb7 35. Rd1 Be4 36. Re1 Bd3 37. Qe3 Bf8 38. Qf3 Qc8 39. Qc6+ Qxc6 40. Nxc6 Bf5 41. Rd1 Rxg4+ 42. Kf3 Be7 43. Nd4 Bg5 44. Bxg5 Rxg5 45. Nxb5 Bg4+ 0-1